000 00704nam a2200241 a 4500
001 4315999
005 20180110082309.0
008 871001s1988 vaua b 000 0 eng
010 _a 87072733
020 _a0871201488 (pbk.)
040 _aDLC
_cDLC
_dDLC
041 _aeng
043 _an-us---
080 _a370.152 MAR
082 0 0 _a370.152 MAR
_219
100 _a46
101 _aEDU
245 0 0 _aDimensions of thinking :
_cRobert J. Marzano ... [et al.].
504 _aBibliography: p. 149-162.
906 _a7
_bcbc
_corignew
_d2
_eopcn
_f19
_gy-gencatlg
942 _2ddc
_cBK
999 _c40035
_d40035